000 00604nam a2200229Ia 4500
003 OSt
005 20230530160956.0
008 210423s2016 xx 000 0 und d
020 _a978-0-521-88705-2
040 _cAL
041 _aeng
082 _a530.11 SCHF
100 _aSCHUTZ (Bernard F)
_9117336
245 _aFirst course in general relativity Ed 2
250 _a2
260 _aUK
_bCambridge University Press
_c2016
300 _axv,393
_bHB
365 _b3918.63
_cGBP
650 _aTheoretical Physics
_9117337
906 _acourse ; First ; general ; relativity
942 _2ddc
_cBK
999 _c168469
_d168469